banner-ar

CONNECTIONISM AND PSYCHOLOGY: A PSYCHOLOGICAL PERSPECTIVE ON NEW CONNECTIONIST RESEARCH / (Record no. 23924)

MARC details
000 -الفاتح
حقل البيانات ثابتة الطول 00466nam a2200157Ia 4500
008 - عناصر البيانات ثابتة الطول - معلومات عامة
حقل البيانات ثابتة الطول 140319s9999 xx 000 0 eng d
040 ## - مصدر الفهرسة
وكالة الفهرسة الأصلية GCL /
وكالة النسخ GCL
082 04 - رقم تصنيف ديوى العشرى
رقم التصنيف 153
رقم المادة C Q
100 1# - المدخل الرئيسى - إسم شخصى
الإسم الشخصى QUINLAN, PHILIP
245 10 - بيان العنوان
العنوان CONNECTIONISM AND PSYCHOLOGY: A PSYCHOLOGICAL PERSPECTIVE ON NEW CONNECTIONIST RESEARCH /
بيان المسئوليه,etc QUINLAN, PHILIP
260 ## - PUBLICATION, DISTRIBUTION, ETC. (IMPRINT)
تاريخ النشر أو التوزيع 1991
300 ## - الوصف المادى
التعداد 293 P
650 04 - المدخل الاضافى بالموضوع-مصطلح موضوعى
مصطلح موضوعي CONNECTIONISM
942 ## - عناصر المدخل الإضافي( كوها)
مصدر التصنيف او مخطط الترفيف Dewey Decimal Classification
Koha [default] item type كتاب
260 ## - PUBLICATION, DISTRIBUTION, ETC. (IMPRINT)
-- [S.N] :
-- HARVESTER WHEATSHEAF ،
Holdings
حالة التراجع حالة الفقد حالة تلف ليس للاعارة المكان المؤقت الموقع الحالى تاريخ الاكتساب اجمالي اﻻعارات رقم الطلب الباركود تاريخ اخر مشاهدة تاريخ تفعيل السعر نوع وعاء كوها
        مكتبة القاهرة الكبرى مكتبة القاهرة الكبرى 03/26/2014   153\C Q 42612 03/26/2014 03/26/2014 كتاب

Powered By

EGPV